000 00664nam a2200229Ia 4500
003 OSt
005 20220923230749.0
006 a|||||r|||| 00| 0
007 ta
008 Pun
024 _a305,370
037 _cTextual
040 _aARTS
_cARTS
_bPun
041 _2Pun
_aPun
082 _aQ8441,332wI79, 153M0
100 _aਪਾਲ, ਮਹਿੰਦਰ ਸਿੰਘ
245 0 _aਜੀਵਨੀ ਗੁਰੂ ਅਮਰਦਾਸ ਜੀ ਤੇ ਅਨੰਦ ਸਾਹਿਬ
260 _c1980
650 _aਧਰਮ
942 _hQ8441,332wI79, 153M0
_cTEXL
_2CC
999 _c387172
_d387172